1630 1210 1638 1476 1842 1145 1175 1113 1153 1096 1290 1851 1499 1599 1442 1036 1178 1192 1062 1716 1638 1491 1563 1653 1100 1834 1302 1976 1835 1247 1983 1349 1531 1977 1209 1498 1554 1661 1593 1833 1062 1084 1351 1166 1636 1463 1698 1779 1352 1822 1448 1409 1308 1119 1382 1595 1619 1809 1741 1154 1388 1995 1429 1314 1529 1342 1455 1980 1821 1665 1050 1647 1941 1638 1431 1057 1410 1906 1827 1620 1356 1332 1713 1575 1409 1736 1500 1128 1840 1121 1558 1090 1232 1807 1215 1413 1388 1383 1056 BCNSPRNW ULIB Ver.6.0+V

เปลี่ยนเป็นภาษาไทย

Change to English
 แสดงรายละเอียดบรรณานุกรม
  กลับหน้าหลัก

Brief Record : Get Marc (ISO 2709) : E-mail record : QR code < ปิดหน้าต่าง
LEADER : 00000nam 2200000uu 4500
001    13399126194
003     ULIB
008    180716s2009||||th 000 0 tha d
020    ^a9780521677028
050 00 ^aPE1128^bC172^cV.5
245 10 ^aCambridge practice tests for IELTS 5
260    ^aCambridge :^bCambridge University Press,^c2009
300    ^a176 p.:^bill. ;^c25 cm.
650 00 ^aInternational English Language Testing System.
650 00 ^aEnglish language^xExaminations, questions, etc.
650 00 ^aEnglish language^xTextbooks for foreign speakers
945    ^p0^l0^i26412
999    ^aกัณชพร จุลอักษร
รายการนี้ยังไม่มีแท็ก
คุณยังไม่ได้ล็อกอิน คุณสามารถมีกิจกรรมร่วมกับเว็บไซต์ได้ แต่ต้องล็อกอินก่อน ::
  ล็อกอิน

รายการสื่อสารสนเทศ

ลำดับที่ ประเภท เลขเรียก/บาร์โค้ด สถานที่ สถานะ
1. วิทยาศาสตร์การแพทย์ และสุขภาพ
วิทยาศาสตร์การแพทย์ และสุขภาพ
PE1128 C172 V.5 ฉ.1 
  Barcode: 26412
ห้องสมุดวิทยาเขตนครสวรรค์
►หนังสือทั่วไป:l:General Books
บนชั้น

รายการใกล้เคียง
    ชื่อเรื่อง [Cambridge practice tests for IELTS 5]

    หัวเรื่อง [International English Language Testing System.]

BibComment


ยังไม่เคยถูกคอมเมนท์

คอมเมนท์ทรัพยากรรายการนี้
  คอมเมนท์: Cambridge practi..


 Copyright 2026. Bcnsprnw @Library